Correcciones a lecturas de epígrafes barcinonenses del Museo Arqueológico de Barcelona / por Sebastián Mariner Bigorra
Descripción Física:
p. 123-138 : amb làm. ; 27 cm
Colección:
Monografías ; 26
Materias:
Inscripcions llatines -- Barcelona
MARC
| LEADER | 00000nam a2200000Ia 4500 | ||
|---|---|---|---|
| 001 | 7779 | ||
| 008 | 160829s1966 xx 000 0 cat d | ||
| 080 | |a FU-21-16 | ||
| 100 | |a Mariner Bigorra, Sebastià |9 25036 | ||
| 245 | |a Correcciones a lecturas de epígrafes barcinonenses del Museo Arqueológico de Barcelona / por Sebastián Mariner Bigorra | ||
| 260 | |a Barcelona : |b Diputación de Barcelona. Instituto de Prehistoria y Arqueología, |c 1966 | ||
| 300 | |a p. 123-138 : |b amb làm. ; |c 27 cm | ||
| 490 | |a Monografías ; 26 | ||
| 590 | |a Separata d'Ampurias ; 28 | ||
| 650 | |a Inscripcions llatines |x Barcelona |9 25037 | ||
| 710 | 2 | |a Instituto de Prehistoria y Arqueología (Barcelona, Catalunya) |9 54255 | |
| 901 | |a Arxiu | ||
| 942 | |n 1 |2 udc | ||
| 952 | |0 0 |1 0 |4 0 |6 FU2116 |7 1 |9 43421 |a Arxiu |b Arxiu |d 2016-12-01 |l 0 |o FU-21-16 |p 7779 |r 2016-12-01 00:00:00 |w 2016-12-01 |y ARXIU | ||
| 999 | |c 45967 |d 45967 | ||